Tribunal de Cuentas

Detalles Bibliográficos
Formato: eBook
Lenguaje:español
Publicado: Barcelona : Editorial vLex, 1988 -
Materias:
Acceso en línea:Acceso restringido

MARC

LEADER 00000nam a22000007a 4500
005 20140901175713.0
007 cr|||| ||||
008 140901c19889999es x w s|||| 0|||a1spa d
035 |a 12062 
040 |a vLex 
090 |c 5142  |d 5142 
245 0 0 |a Tribunal de Cuentas  |h [Recurso electrn̤ico]  
256 |a Servicio en ln̕ea 
260 |a Barcelona :  |b Editorial vLex,  |c 1988 - 
300 |a 1 recurso electrn̤ico 
310 |a Irregular 
506 1 |a Contenido solo disponible en los productos indicados  |d vLex Global  |d vLex Global (Academic Edition, excluding Law Schools)  |d vLex Global (U.S. Academic Edition, Law Schools)  |d vLex Global (U.S. Academic Edition, excluding Law Schools)  |d vLex Global (Academic Edition, Law Schools) 
650 0 4 |a Tribunales administrativos  |z Espaą 
740 0 |a vLex Tribunales (Servicio en ln̕ea) 
856 4 0 |u http://vlex.com/source/12062/  |z Acceso restringido 
942 |c TR 
999 0 |a Administrative courts